Tendencias e innovaciones en los estudios históricos en Panamá /

Guardat en:
Dades bibliogràfiques
Autor principal: Aparicio, Fernando
Format: Text
Etiquetes: Afegir etiqueta
Sense etiquetes, Sigues el primer a etiquetar aquest registre!

MARC

LEADER 00000 a a2200000 04500
001 45669
003
040 |a CRAI/IIS  |c CRAI/IIS 
100 |a Aparicio, Fernando  
245 |a Tendencias e innovaciones en los estudios históricos en Panamá /  |c Fernando Aparicio  
773 |g número501 (2012), páginas 6-21  
999 |c 18359  |d 18359